Régimen de la contratación estatal : (Registro nro. 15421)

Detalles MARC
000 -LEADER
fixed length control field 01234nam a22002657a 4500
003 - CONTROL NUMBER IDENTIFIER
control field OSt
005 - DATE AND TIME OF LATEST TRANSACTION
control field 20210317182423.0
008 - FIXED-LENGTH DATA ELEMENTS--GENERAL INFORMATION
fixed length control field 210317s2013 ck ||||frl|||f001 0 spa d
020 ## - INTERNATIONAL STANDARD BOOK NUMBER
International Standard Book Number 9789587690231
040 ## - CATALOGING SOURCE
Original cataloging agency CO-JMCR
Transcribing agency CO-JMCR
041 0# - LANGUAGE CODE
Language code of text/sound track or separate title spa
082 04 - DEWEY DECIMAL CLASSIFICATION NUMBER
Classification number 346.861023 /
Item number C718r
Edition number 23
110 1# - MAIN ENTRY--CORPORATE NAME
Corporate name or jurisdiction name as entry element Colombia.
9 (RLIN) 8040
243 10 - COLLECTIVE UNIFORM TITLE
Unifor title <a href="Leyes, etc.">Leyes, etc.</a>
245 10 - TITLE STATEMENT
Title Régimen de la contratación estatal :
Remainder of title anotado : ley 80 de 1993 y normatividad complementaria /
Statement of responsibility, etc. Dídier Morales Restrepo
250 ## - EDITION STATEMENT
Edition statement Vigésima segunda edición
260 ## - PUBLICATION, DISTRIBUTION, ETC.
Place of publication, distribution, etc. Bogotá :
Name of publisher, distributor, etc. Leyer,
Date of publication, distribution, etc. impresión 2013
300 ## - PHYSICAL DESCRIPTION
Extent xv, 518, xx-xxxvi páginas ;
Dimensions 22 cm.
500 ## - GENERAL NOTE
General note Incluye índice alfabético de materias, normativo, suplemento.
505 0# - FORMATTED CONTENTS NOTE
Formatted contents note Disposiciones generales -- Principios de la contratación estatal -- El contrato estatal -- La nulidad de los contratos -- La responsabilidad contractual -- Liquidación de los contratos -- Control de la gestión contractual -- La solución de las controversias contractuales -- Disposiciones varias
650 14 - SUBJECT ADDED ENTRY--TOPICAL TERM
Topical term or geographic name entry element Contratos públicos
General subdivision Legislación
Geographic subdivision Colombia
9 (RLIN) 13052
650 24 - SUBJECT ADDED ENTRY--TOPICAL TERM
Topical term or geographic name entry element Funcionarios públicos
General subdivision Legislación
Geographic subdivision Colombia
9 (RLIN) 13355
700 1# - ADDED ENTRY--PERSONAL NAME
Personal name Morales Restrepo, Didier,
9 (RLIN) 30391
942 ## - ADDED ENTRY ELEMENTS (KOHA)
Source of classification or shelving scheme Dewey Decimal Classification
Koha item type Books
Existencias
Withdrawn status Lost status Source of classification or shelving scheme Damaged status Not for loan Collection code Home library Current library Date acquired Source of acquisition Total Checkouts Full call number Barcode Date last seen Copy number Price effective from Koha item type
    Dewey Decimal Classification     Non-fiction Biblioteca Pública José María del Castillo y Rada Biblioteca Pública José María del Castillo y Rada 10/02/2020 Donación   346.861023 / C718r 201810898 05/16/2024 Ej.1 03/17/2021 Books